000
00273nam a22001217a 4500
082
_a
894.812
_b
CHA/H
100
_a
T.M.CHANDRAHASAN
245
_a
HOLISTIC HEALTH
260
_a
KODUNGALLORE
_b
HOLISTIC HEALTH FOUNDATION
_c
2011
300
_a
91
650
_z
KERALA
942
_c
BK
999
_c
1062
_d
1062